| 000 | 00797nam a22002655a 4500 | ||
|---|---|---|---|
| 001 | 017531407 | ||
| 003 | OSt | ||
| 005 | 20160601110713.0 | ||
| 008 | 150818s2015 vraa frbd f001 0 eng d | ||
| 020 | _a9780195588026 | ||
| 040 |
_aStDuBDS _beng _cStDuBDS _dEG-ScBUE |
||
| 082 | 0 | 4 |
_222 _a302.23 _bCOM |
| 245 | 0 | 0 |
_aCommunication, digital media and everyday life / _cTony Chalkley ... [et al.] |
| 250 | _a2nd ed. | ||
| 260 |
_aVictoria : _bOxford University Press _c2015. |
||
| 300 |
_axvii, 325 p. : _bill. ; _c25 cm |
||
| 500 | _aGlossary : p. 289-298. | ||
| 500 | _aIndex : p. 316-325. | ||
| 504 | _aBibliography : p. 299-315. | ||
| 650 | 7 |
_aCommunication. _2BUEsh _913476 |
|
| 650 | 7 |
_aMass media. _2BUEsh _99699 |
|
| 653 |
_bCOMAME _cMay2016 |
||
| 700 | 1 | _aChalkley, Tony., | |
| 942 | _2ddc | ||
| 999 |
_c21836 _d21808 |
||